000
00484nam a2200145Ia 4500
008
100204s9999 xx 000 0 und d
082
_b
861
100
_a
अत्रे प्रभाकर
245
_a
माझे जीवन गाणे
260
_b
"दिपज्योती प्रकाशन , पुणे"
_c
1974
300
_a
122
630
_a
माझे जीवन गाणे
730
_a
माझे जीवन गाणे
942
_c
BOOK
999
_c
446056
_d
446053